| 000 | 00896cab a2200253 4500 | ||
|---|---|---|---|
| 001 | ABS56457 | ||
| 008 | 090401t1997 xxu||||| |||| 00| 0 eng d | ||
| 035 | _a(Sirsi) u23744 | ||
| 041 | _aeng | ||
| 100 | _aPalomba, M. | ||
| 245 | _aDevelopers must hedge their bets | ||
| 260 | _c1997 | ||
| 350 | _a0 | ||
| 490 |
_aProperty Week _v58(2) 17 January 1997, 21(1) |
||
| 520 | _aA decision by Hull CC to allow an action protecting a hedgerow against plans by the local authority to uproot it to enable development (see WB3301-24), means that over 4,000 Enclosure Acts passed two centuries ago may still be law. Impending government legislation will provide definitive regulations. | ||
| 650 | _aENCLOSURE ACTS | ||
| 650 | _aGRAZING RIGHTS | ||
| 650 | _aHEDGEROWS | ||
| 690 | _aCONSERVATION | ||
| 690 | _aRURAL PRACTICE | ||
| 700 | _aKansagra, S. | ||
| 942 | _n0 | ||
| 948 | _c04/03/1997 | ||
| 999 |
_c15896 _d15896 |
||